header

On dissidents and madness (Record no. 101748)

MARC details
000 -LEADER
fixed length control field 01323nam a2200301Ia 4500
100 1# - MAIN ENTRY--AUTHOR NAME
Personal name Voren, Robert van.
245 10 - TITLE STATEMENT
Title On dissidents and madness
260 ## - PUBLICATION, DISTRIBUTION, ETC. (IMPRINT)
Place of publication Amsterdam :
Name of publisher Editions Rodopi B.V.,
Year of publication 2009.
300 ## - PHYSICAL DESCRIPTION
Number of Pages 312 p.
650 #0 - SUBJECT ADDED ENTRY--TOPICAL TERM
Topical Term Dissenters
856 40 - ELECTRONIC LOCATION AND ACCESS
Uniform Resource Identifier http://site.ebrary.com/lib/rucke/Doc?id=10380247

No items available.

© 2026 Rongo University
Contact us: librarian | system librarian | Rongo university